Pre výrobu a obranu K 15. zjazdu Ústredne kubánskych pracujúcich

Bibliographic Details
Main Author: Motusová, S. (Author)
Format: Article
Language:Slovak
Subjects:

MARC

LEADER 00000nab a2200000 a 4500
001 vtls000175406
003 SK-MaSNL
005 20260304171143.0
008 150430c1984 xo 0 slo
015 |a SNBRB19rr/mm-uuuuu 
035 |a CL0185519 
040 |a SNKBUCL  |b slo  |c SNKBUCL  |e AACR2 
041 0 |a slo 
044 |a xo  |c SK 
080 |a 331.88(100)(729.1)  |2 1981 
100 1 |a Motusová, S.  |4 aut  |9 923972 
245 1 0 |a Pre výrobu a obranu  |b K 15. zjazdu Ústredne kubánskych pracujúcich  |c S. Motusová 
650 0 7 |a odbory  |2 snkbucl  |9 2328 
651 7 |a Kuba  |2 snkbucl  |9 17345 
655 7 |a články z novín a časopisov  |2 snkbucl  |9 267496 
773 0 |t Práca  |g Roč. 39, č. 49 (27. 2. 1984), s. 3 
850 |a Slovenská národná knižnica v Martine  |a MTA001 
852 |a SNK  |b KIS3GCP 
958 |a RK 
958 |a CU 
992 |a RBX 
999 |c 2991913  |d 2993843